A financial statement analysis on food sectors of the Philippine stock exchange / (Record no. 23498)
[ view plain ]
| 000 -LEADER | |
|---|---|
| fixed length control field | 00660nam a22001697a 4500 |
| 005 - DATE AND TIME OF LATEST TRANSACTION | |
| control field | 20250218145834.0 |
| 008 - FIXED-LENGTH DATA ELEMENTS--GENERAL INFORMATION | |
| fixed length control field | 250218b |||||||| |||| 00| 0 eng d |
| 082 ## - DEWEY DECIMAL CLASSIFICATION NUMBER | |
| Edition number | 2023 |
| Classification number | UT |
| 100 ## - MAIN ENTRY--PERSONAL NAME | |
| Personal name | Adlog, Donalyn B. |
| 9 (RLIN) | 65486 |
| 245 ## - TITLE STATEMENT | |
| Title | A financial statement analysis on food sectors of the Philippine stock exchange / |
| Statement of responsibility, etc. | Donalyn B. Adlog, Lucille Ann O. Albios, and Mary Jeal D. Mamilic |
| 260 ## - PUBLICATION, DISTRIBUTION, ETC. (IMPRINT) | |
| Place of publication, distribution, etc. | Digos City : |
| Name of publisher, distributor, etc. | UMDC, |
| Date of publication, distribution, etc. | ©January 2023. |
| 300 ## - PHYSICAL DESCRIPTION | |
| Extent | viii, 33 pages : |
| Other physical details | illustration (some colors) ; |
| Dimensions | 29 cm. |
| 500 ## - GENERAL NOTE | |
| General note | Includes references and appendices. |
| 700 ## - ADDED ENTRY--PERSONAL NAME | |
| Personal name | Albios, Lucille Ann O. |
| 9 (RLIN) | 65487 |
| 700 ## - ADDED ENTRY--PERSONAL NAME | |
| Personal name | Mamilic, Mary Jeal D. |
| 9 (RLIN) | 65488 |
| 942 ## - ADDED ENTRY ELEMENTS (KOHA) | |
| Source of classification or shelving scheme | Dewey Decimal Classification |
| Koha item type | Undergraduate Thesis |
| Withdrawn status | Lost status | Source of classification or shelving scheme | Damaged status | Not for loan | Home library | Current library | Date acquired | Total Checkouts | Full call number | Date last seen | Price effective from | Koha item type |
|---|---|---|---|---|---|---|---|---|---|---|---|---|
| Dewey Decimal Classification | UM Digos College - LIC | UM Digos College - LIC | 10/07/2024 | UT | 02/18/2025 | 02/18/2025 | Undergraduate Thesis |
